|
|
|
|
| LEADER |
00000nbm0a2200000 4500 |
| 001 |
131054 |
| 005 |
20231218134519.0 |
| 035 |
|
|
|a (RuTPU)RU\TPU\book\141938
|
| 090 |
|
|
|a 131054
|
| 100 |
|
|
|a 20080212d1972 k y0rusy50 ca
|
| 101 |
0 |
|
|a rus
|
| 102 |
|
|
|a RU
|
| 105 |
|
|
|a a m 001zy
|
| 200 |
1 |
|
|a Разработка и исследование реле напряжения мощности и направленного реле сопротивления без мертвой зоны по напряжению
|e диссертация на соискание ученой степени кандидата технических наук
|f А. П. Пушков
|g Томский политехнический институт ; науч. рук. Р. А. Вайнштейн
|
| 210 |
|
|
|a Томск
|d 1972
|
| 215 |
|
|
|a 150 л.
|c ил.
|
| 320 |
|
|
|a Библиогр.: с.147-150 (47 назв.)
|
| 610 |
1 |
|
|a диссертации
|
| 610 |
1 |
|
|a реле
|
| 610 |
1 |
|
|a направление
|
| 610 |
1 |
|
|a мощность
|
| 610 |
1 |
|
|a реле сопротивления
|
| 610 |
1 |
|
|a напряжение
|
| 610 |
1 |
|
|a устройства
|
| 610 |
1 |
|
|a мертвые зоны
|
| 610 |
1 |
|
|a устранение
|
| 610 |
1 |
|
|a релейная защита
|
| 610 |
1 |
|
|a автоматика
|
| 610 |
1 |
|
|a параметрические системы
|
| 610 |
1 |
|
|a трансформаторы тока
|
| 610 |
1 |
|
|a погрешности
|
| 675 |
|
|
|a 621.318.5(04)
|v 3
|
| 700 |
|
1 |
|a Пушков
|b А. П.
|
| 702 |
|
1 |
|a Вайнштейн
|b Р. А.
|c специалист в области электроэнергетики
|c профессор Томского политехнического университета, доктор технических наук
|f 1937-
|g Роберт Александрович
|3 (RuTPU)RU\TPU\pers\26489
|4 727
|9 12191
|
| 712 |
0 |
2 |
|a Томский политехнический институт
|3 (RuTPU)RU\TPU\col\1123
|
| 801 |
|
1 |
|a RU
|b 63413507
|c 20080212
|g PSBO
|
| 801 |
|
2 |
|a RU
|b 63413507
|c 20140429
|g PSBO
|
| 942 |
|
|
|c BK
|